Statistiques concernant les 10 pilotes les plus victorieux en grand prix

Cliquez ici pour prendre le quiz!

Statistiques générales

  • Ce quiz a été pris 109 fois
  • Le résultat moyen est 7 sur 10

Statistiques - réponses

nombre de victoiresnoms des pilotes% Correct
103Lewis Hamilton
99%
54Max Verstappen
98%
91Michael Schumacher
90%
53Sebastian Vettel
84%
41Ayrton Senna
82%
51Alain Prost
80%
32Fernando Alonso
78%
31Nigel Mansell
25%
27Jackie Stewart
23%
25Jim Clark
18%

Distribution des résultats

Percentile par nombre de réponses

% des personnes avec chaque résultat

Votre développement - résultats

Vous n’avez pas pris ce quiz